Calidad del agua / Jairo Alberto Romero Rojas (Registro nro. 18646)
[ vista simple ]
| 000 -LÍDER | |
|---|---|
| fixed length control field | 00488nam a2200169 4500 |
| 008 - ELEMENTOS DE LONGITUD FIJA -- INFORMACIÓN GENERAL | |
| fixed length control field | 0 1999 0al 000 0MEX |
| 020 ## - NÚMERO INTERNACIONAL NORMALIZADO PARA LIBROS | |
| ISBN | 970-15-0405-4 |
| 050 ## - SIGNATURA TOPOGRAFICA DE LA BIBLIOTECA DEL CONGRESO (LC) | |
| Número de Clasificación | TD370 R6 1999 |
| 082 ## - NUMERO DE CLASIFICACION DECIMAL DEWEY | |
| Número de Clasificación | 628.161 R763c |
| 100 ## - ASIENTO PRINCIPAL--NOMBRE PERSONAL | |
| Nombre personal | Romero Rojas, Jairo Alberto |
| 245 ## - TÍTULO | |
| Título | Calidad del agua / Jairo Alberto Romero Rojas |
| 250 ## - MENCIÓN DE EDICIÓN | |
| Mención de edición | 2 |
| 260 ## - PUBLICACIÓN, DISTRIBUCIÓN, ETC. (PIE DE IMPRENTA) | |
| Lugar de publicación, distribución, etc. | México : Alfaomega |
| 300 ## - DESCRIPCIÓN FÍSICA | |
| Extensión | 273 p. / 23 cm. |
| 500 ## - NOTA GENERAL | |
| Nota general | Incluye diskette 3 1/2 |
| 650 ## - ASIENTO SECUNDARIO DE MATERIA - TERMINO TEMÁTICO | |
| Término temático o nombre geográfico como elemento de entrada | 1.CALIDAD DEL AGUA \ 2.AGUA-ANALISIS |
| No. biblioteca | No. biblioteca | Número de clasificación | Código de barras/Número de adquisición | Número de copia | Tipo de material |
|---|---|---|---|---|---|
| LUIS G. INCLAN | LUIS G. INCLAN | 628.161 R763c | 44951 | 1 | Libros |
